Fink on Warhol : New York photographs of the 1960s /

"The 1960's was an era in the United States alive with protest--the crisis of the Vietnam war and the struggle for civil rights provoked the nation to question the nature of the moral and political world. During this period of foment arose a band of arty nihilists with a mission that had l...

Full description

Bibliographic Details
Other Authors: Fink, Larry, 1941- (Photographer)
Format: Book
Language:English
Published: [Bologna] : Damiani, [2017]
Subjects:

MARC

Tag First Indicator Second Indicator Subfields
LEADER 00000cam a2200000Ii 4500
001 in00003813618
005 20210316074049.0
008 170207t20172017it a c 000 0 eng d
035 |a (OCoLC)ocn976023468 
040 |a C3L  |b eng  |e rda  |c C3L  |d OCLCO  |d YUS  |d OCLCO  |d OCLCF  |d ZYU  |d OCL  |d NYP  |d CNNGC  |d HCO  |d OCLCO  |d CUI  |d IBK  |d OCLCO  |d NZAUC  |d OCLCO  |d ZQP  |d OCLCA  |d OCL  |d ICW  |d TXA 
020 |a 9788862085151  |q (hbk) 
020 |a 886208515X  |q (hbk) 
029 1 |a AU@  |b 000060646420 
035 |a (OCoLC)976023468 
043 |a n-us-ny 
050 4 |a TR647  |b .F49 2017 
082 0 4 |a 779.092  |2 23 
082 1 4 |a 779  |2 14 
049 |a TXAM 
100 1 |a Fink, Larry,  |d 1941-  |e photographer. 
245 1 0 |a Fink on Warhol :  |b New York photographs of the 1960s /  |c by Larry Fink ; essay by Kevin Moore. 
264 1 |a [Bologna] :  |b Damiani,  |c [2017] 
264 4 |c ©2017 
300 |a 109 pages :  |b illustrations ;  |c 31 cm 
336 |a text  |b txt  |2 rdacontent 
336 |a still image  |b sti  |2 rdacontent 
337 |a unmediated  |b n  |2 rdamedia 
338 |a volume  |b nc  |2 rdacarrier 
500 |a Chiefly illustrations. 
500 |a Catalog of an exhibition held at the Spazio Damiani, Bologna, Italy, February 17-April 30, 2017. 
505 0 0 |t The slumkid revolution /  |r Kevin Moore. 
520 |a "The 1960's was an era in the United States alive with protest--the crisis of the Vietnam war and the struggle for civil rights provoked the nation to question the nature of the moral and political world. During this period of foment arose a band of arty nihilists with a mission that had little to do with politics yet everything to do with clever posturing and hobnobbing with the art-hungry power elite. Andy Warhol was the leader of the pack, and his den was The Factory. Warhol's cohort included Gerard Malanga, Ingrid Superstar, Edie Sedgewick, Julie Garfield, Sussana Campbell, and Benedetta Barzini, as well as members of the punk group The Velvet Underground--Lou Reed, John Cale, and Sterling Morrison. Warhol diverted attention from the political struggle and directed it toward a sullen narcissism aligned with fashion. Fink happened upon Warhol and his followers through a magazine assignment for the literary journal 'The East Side Review'. Warhol and his acolytes spent three days with Fink, who photographed them in various locations. The pictures were not published, though, and they sat untouched in Fink's archive for five decades. Fink on Warhol: New York Photographs of the 1960s' presents for the first time a full selection of the photographs made over that three-day period, along with additional unpublished works from Fink's extensive archive, offering additional insight into the political climate of 1960s New York."--Publisher's website. 
600 1 0 |a Warhol, Andy,  |d 1928-1987  |v Exhibitions. 
600 1 0 |a Fink, Larry,  |d 1941-  |v Exhibitions. 
600 1 7 |a Warhol, Andy,  |d 1928-1987  |2 fast  |0 (OCoLC)fst00044614 
600 1 7 |a Fink, Larry,  |d 1941-  |2 fast  |0 (OCoLC)fst00142811 
600 1 6 |a Fink, Larry,  |d 1941-  |v Expositions. 
650 0 |a Photography, Artistic  |v Exhibitions. 
650 0 |a Portrait photography  |z New York (State)  |z New York. 
650 7 |a Photography, Artistic.  |2 fast  |0 (OCoLC)fst01061964 
650 7 |a Portrait photography.  |2 fast  |0 (OCoLC)fst01072259 
651 7 |a New York (State)  |z New York.  |2 fast  |0 (OCoLC)fst01204333 
650 6 |a Photographie artistique  |v Expositions. 
650 6 |a Portraits (Photographie)  |z New York (État)  |z New York  |v Expositions. 
655 7 |a Exhibition catalogs.  |2 lcgft 
655 7 |a Exhibition catalogs.  |2 fast  |0 (OCoLC)fst01424028 
700 1 |a Moore, Kevin D.,  |d 1964-  |e writer of supplementary textual content. 
710 2 |a Spazio Damiani,  |e host institution. 
938 |a Casalini Libri  |b CASA  |n 3320702 
945 |a PromptCat 
948 |a cataloged  |b h  |c 2017/6/27  |d c  |e dmitchell  |f 10:44:16 am 
994 |a C0  |b TXA 
948 |a cataloged  |b h  |c 2021/3/13  |d c  |e zliu  |f 2:19:58 pm 
999 f f |s 96cac97f-4833-3fe7-8f9e-3d84f9d37e0d  |i ce6851a0-2b55-3bc0-a43b-b9d438c72363  |t 0 
952 f f |p normal  |a Texas A&M University  |b College Station  |c Sterling C. Evans Library  |s Evans stk  |d Evans: Library Stacks  |t 0  |e TR647 .F49 2017  |h Library of Congress classification  |i unmediated -- volume  |m A14851545666 
998 f f |a TR647 .F49 2017  |t 0  |l Evans: Library Stacks